sanah - Proszę pana - Statystyki

Ogólne statystyki
  • Ten quiz został rozwiązany 29 razy
  • Średni wynik to 104 z 204
Statystyki odpowiedzi
Odpowiedź % Poprawnych
A
83%
Proszę
83%
pan
78%
na
67%
w
67%
I
61%
pana
61%
czy
56%
Ja
56%
ja
56%
mi
56%
z
56%
dama
50%
Gorzkie
50%
łezki
50%
Nie
50%
pada
50%
rum
50%
Rum
50%
sama
50%
Stoję
50%
wpadają
50%
imię
44%
mam
44%
niewidzialna
44%
pije
44%
Szklana
44%
Ta
44%
ta
44%
widział
44%
deszcz
39%
Loki
39%
mnie
39%
nakręcone
39%
oczu
39%
Smutno
39%
znów
39%
bez
33%
buzi
33%
Byś
33%
chociaż
33%
chwilę
33%
krople
33%
Lodowate
33%
Palą
33%
Po
33%
przez
33%
szpile
33%
wyboru
33%
Zakładam
33%
żal
33%
zechciał
33%
co
28%
Ich
28%
Jej
28%
kolorów
28%
malinowy
28%
nich
28%
Płynie
28%
rozpusta
28%
Słodka
28%
smak
28%
tak
28%
Trochę
28%
tu
28%
usta
28%
wciąż
28%
czerwone
22%
Gdy
22%
To
22%
ciebie
17%
czysta
17%
inna
17%
jestem
17%
kręci
17%
mina
17%
spina
17%
temu
17%
tylko
17%
winna
17%
Zakłopotana
17%
kpina
11%
Nie znaleziono quizów pasujących do podanych kryteriów
Rozkład punktacji
Procent ludzi z każdym wynikiem
Percentyl według liczby udzielonych odpowiedzi
Twoja historia wyników
Nie rozwiązałeś tego quizu